| 000 | 00000nam##2200000za#4500 |
| 001 | 9.641373 |
| 003 | CaOODSP |
| 005 | 20210624223158 |
| 007 | cr ||||||||||| |
| 008 | 150407|1997||||xxc|||||o f|0| 0 fre|d |
| 040 | |aCaOODSP|bfre |
| 043 | |an-cn--- |
| 086 | 1 |aCS94-F0037/1997F-PDF |
| 110 | 2 |aSociété canadienne d'hypothèques et de logement. |
| 245 | 10|aLes conditions de logement des parents seuls, des jeunes couples et des familles immigrantes - un profil tiré du Recensement de 1991 / |h[ressource électronique] |
| 260 | |aOttawa - Ontario : |bSociété canadienne d'hypothèques et de logement |c1997. |
| 500 | |aCe rapport est une publication conjointe de la Société canadienne d'hypothèques et de logement et le Statistique Canada. Publication du recensement historique numérisé par Statistique Canada. |
| 590 | |a13-04-Supp|b2013-02-13 |
| 691 | 07|aCouple|2gcpds |
| 691 | 07|aDonnées du recensement|2gcpds |
| 691 | 07|aFamille|2gcpds |
| 691 | 07|aFamille monoparentale|2gcpds |
| 691 | 07|aImmigrant|2gcpds |
| 775 | 08|tLone parents, young couples and immigrant families and their housing conditions - a 1991 Census profile / |w(CaOODSP)9.697315 |
| 856 | 40|ahttp://publications.gc.ca|qPDF|s2.3 Mo|uhttps://publications.gc.ca/collections/collection_2013/statcan/rh-hc/CS94-F0037-1997-fra.pdf |